000 01747cam a22003974a 4500
999 _c330335
_d330335
001 14841938
003 NUST
005 20170621102646.0
008 070503s2007 dcua b 001 0 eng
010 _a 2007018796
016 7 _a101306347
_2DNLM
020 _a9781555812232
020 _a1555812236
035 _a(OCoLC)ocn124164032
035 _a(OCoLC)124164032
_z(OCoLC)144223828
040 _aDNLM/DLC
_cDLC
_dNLM
_dBAKER
_dBTCTA
_dYDX
_dC#P
_dYDXCP
_dDLC
042 _apcc
050 0 0 _aQR65
_b.M26 2007
060 1 0 _aQW 25
_bM59 2007
082 0 0 _a616.9201078 RED
_222
245 0 0 _aMethods for general and molecular microbiology /
_cC.A. Reddy, editor in chief ; T.J. Beveridge ... [et al.], Editors.
250 _a3rd ed.
260 _aWashington, D.C. :
_bASM Press,
_cc2007.
300 _axix, 1069 p. :
_bill. (some col.) ;
_c29 cm.
500 _aRev. ed of: Methods for general and molecular bacteriology / Philipp Gerhardt, editor-in-chief ; R.G.E. Murray, Willis A. Wood, Noel R. Krieg, [editors]. c1994.
501 _aH.B
504 _aIncludes bibliographical references and indexes.
650 0 _aBacteriology
_vLaboratory manuals.
_92991
650 0 _aMicrobiology
_vLaboratory manuals.
_92681
650 1 2 _aMicrobiological Techniques.
_92721
650 2 2 _aMolecular Biology
_xmethods.
_92561
700 1 _aReddy, C. A.
_92992
730 0 _aMethods for general and molecular bacteriology.
_92993
856 4 1 _3Table of contents only
_uhttp://www.loc.gov/catdir/toc/ecip0717/2007018796.html
906 _a7
_bcbc
_corignew
_d1
_eecip
_f20
_gy-gencatlg
942 _2ddc
_cBK
_kIESE